000 00524nam a22001697a 4500
005 20231102084835.0
008 231102b |||||||| |||| 00| 0 eng d
041 _aEnglish
082 _a346.6 PAL
100 _lEnglish
245 _aPalmer's Company Precedents /
_cKW Mackinnon and R Buchanan-Dunlop
250 _aSeventeenth Edition
260 _aLondon :
_bStevens and Sons Limited,
_c1956
300 _bciv, 1293 pages ;
_c26 cm.
650 _aLegal practice
_bLaw
942 _cBK
_6ALISON_BN_VRIES
999 _c247
_d247